000 01214nam a22003254c 4500
003 AR-BaSMT
008 260325b2018 aga|||br|||| 000 1 spa d
020 _a9789873854439
040 _aBSGB
_bespañol
_cBSGB
_erda
041 0 _aspa
_hespañol
080 _a82-34
100 1 _aFeoli, Daniela
_9433
245 1 0 _aCuentos de amor y amistad
250 _aPrimera edición
264 1 _aBuenos aires :
_bDel Naranjo ,
_c2018
300 _a32 páginas ;
_bilustraciones color
336 _2rdacontent
_atexto
_btxt
337 _2rdamedia
_asin mediación
_bn
338 _2rdacarrier
_avolumen
_bnc
490 _aYa se leer
_v3
505 _a- Sapo enamorado, Daniela Feoli - La luz de Lucila, Karina Echevarría. La tortuga y la oruga, Estefanía Bonafine.
520 _aTres cuentos de distintos autores, con ilustraciones a todo color, para que los primeros lectores se afiancen en la práctica de la lectura en letras de imprenta minúsculas.
521 _aA partir de 6 años.
650 7 _98
_aLITERATURA INFANTIL
650 7 _923
_aCUENTO
_zArgentina
700 1 _aEchevarría, Karina
_eAutor
_9434
700 1 _aBonafine, Estefania
_eAutor
_9435
942 _2ddc
_aBOOK
999 _c598
_d598